000
00311nam a22001337a 4500
008
171201b xxu||||| |||| 00| 0 eng d
020
_a
9780534216184
041
_a
eng
080
_a
159.9
100
_a
48
101
_a
PSI
245
_a
THEORIES OF PSYCHOTHERAPY AND COUNSELING
_c
SHARF,R.S
942
_2
udc
_c
BK
999
_c
38716
_d
38716